Movie Crew Job Titles - Statistics

General Stats
  • This quiz has been taken 41 times
  • The average score is 6 of 17
Answer Stats
Description Job Title % Correct
Responsible for organizing the production, including hiring, finances, and script Producer
72%
Responsible for final creative control over all aspects of the film Director
66%
Creates or selects the actors' wardrobes Costume Designer
59%
Maintain all actors' hair during filming Hair Stylist
52%
Keep all the cast and crew of a movie production well-fed Caterer
45%
Lead electrician on set Best Boy
41%
Manages any dangerous sequences to ensure safety of all talent Stunt Coordinator
41%
Illustrates the scene before it's filmed Storyboard Artist
34%
Develops a lighting plan for each scene Gaffer
31%
Responsible for the overall look and feel of a set Art Director
28%
Designs and supervises special visual elements such as explosions Special Effects Coordinator
28%
Responsible for the look of a scene through the camera Director of Photography
24%
Responsible for working with the lights to color, diffuse, and create shadows Key Grip
17%
Coordinates permits and clearances to film in all the necessary places Location Manager
17%
Responsible for positioning the microphones used in each scene Boom Operator
10%
Make sure all the cast and crew get where they need to go Driver
7%
Works directly with the director to implement his vision through the other creative departments Production Designer
3%
No matching quizzes found
Score Distribution
Percent of People with Each Score
Percentile by Number Answered
Your Score History
You have not taken this quiz